Literary Characters’ Creators #2 - Statistics

General Stats
  • This quiz has been taken 73 times
  • The average score is 7 of 10
Answer Stats
Character Creator % Correct
Hermione Granger J K Rowling
98%
Sherlock Holmes Arthur Conan Doyle
97%
James Bond Ian Fleming
88%
Atticus Finch Harper Lee
83%
Robinson Crusoe Daniel Defoe
75%
Scarlett O'Hara Margaret Mitchell
72%
Humbert Humbert Vladimir Nabokov
58%
Hester Prynne Nathaniel Hawthorne
56%
Katniss Everdeen Suzanne Collins
44%
Lyra Belacqua Philip Pullman
25%
No matching quizzes found
Score Distribution
Percent of People with Each Score
Percentile by Number Answered
Your Score History
You have not taken this quiz